000 00396nam a22001697a 4500
005 20160527095507.0
008 160527b xxu||||| |||| 00| 0 eng d
020 _a978-0-07-007993-5
041 _aeng
082 _b5375
100 _aChandra, Prasanna
_91156
245 _aProjects
260 _aNew Delhi
_bAcademic Faundation
300 _aB 1.2
650 _aManagement
_9241
942 _cBK
999 _c1909
_d1908